แสดงรายละเอียดบรรณานุกรม
  กลับหน้าหลัก

Brief Record : Get Marc (ISO 2709) : E-mail record : QR code ปิดหน้าต่าง
E-books : เกี่ยวกับ Collections
LEADER 00000nam 2200000uu 4500
001    213308
003     ULIBM
008    020711s2565 th a 000 0 tha d
020    9786168212684
041    ^atha
060  4 WI700 ร192 2565
245    108 เรื่อง รู้จัก รู้รักษา มะเร็งทางเดินอาหารและมะเร็งตับ/^cบรรณาธิการ, สาริน กิจพาณิชย์, ชวลิต เลิศบุษยานุกูล
250    พิมพ์ครั้งที่ 1
260    กรุงเทพฯ :^bศูนย์มะเร็งครบวงจร โรงพยาบาลจุฬาลงกรณ์ สภากาชาดไทย คณะแพทยศาสตร์ จุฬาลงกรณ์มหาวิทยาลัย,^c2565
300    157 หน้า :^bภาพประกอบ ;^c21 ซม.
650 04 มะเร็งทางเดินอาหาร
650 04 ^aตับ^xมะเร็ง
650 04 ^aตับ, โรค^xการวินิจฉัยและการรักษา
700 0  ^aสาริน กิจพาณิชย์,^eบรรณาธิการ
700 0  ^aชวลิต เลิศบุษยานุกูล,^eบรรณาธิการ
710 2  ^aจุฬาลงกรณ์มหาวิทยาลัย.^bคณะแพทยศาสตร์.^bสภากาชาดไทย.^bโรงพยาบาลจุฬาลงกรณ์^bศูนย์มะเร็งครบวงจร
999    ^aใช้งานได้ทุกระบบ
รายการนี้ยังไม่มีแท็ก
คุณยังไม่ได้ล็อกอิน คุณสามารถมีกิจกรรมร่วมกับเว็บไซต์ได้ แต่ต้องล็อกอินก่อน ::
  ล็อกอิน
ลำดับที่ ประเภท เลขเรียก สถานที่ สถานะ
1. การพยาบาล (ตำราหลัก)
การพยาบาล (ตำราหลัก)
WI700 ร192 2565 ฉ.2 
  
การพยาบาลผู้ใหญ่ On Shelf
  ขอยืม
Note:จัดซื้อปีงบประมาณ 2566
2. การพยาบาล (ตำราหลัก)
การพยาบาล (ตำราหลัก)
WI700 ร192 2565 ฉ.3 
  
การพยาบาลผู้ใหญ่ On Shelf
  ขอยืม
Note:จัดซื้อปีงบประมาณ 2566
3. การพยาบาล (ตำราหลัก)
การพยาบาล (ตำราหลัก)
WI700 ร192 2565 ฉ.4 
  
การพยาบาลผู้ใหญ่ On Shelf
  ขอยืม
Note:จัดซื้อปีงบประมาณ 2566
4. การพยาบาล (ตำราหลัก)
การพยาบาล (ตำราหลัก)
WI700 ร192 2565 ฉ.5 
  
การพยาบาลผู้ใหญ่ On Shelf
  ขอยืม
Note:จัดซื้อปีงบประมาณ 2566
5. การพยาบาล (ตำราหลัก)
การพยาบาล (ตำราหลัก)
WI700 ร192 2565 ฉ.1 
  
การพยาบาลผู้ใหญ่ On Shelf
  ขอยืม
Note:จัดซื้อปีงบประมาณ 2566
   [แสดง 5/5 รายการ]

BibComment


ยังไม่เคยถูกคอมเมนท์

คอมเมนท์ทรัพยากรรายการนี้
  คอมเมนท์: 108 เรื่อง รู้จัก..
Bib 213308

 
 
 

 Union Library Management : ULibM
Copyright 2026. All Rights Reserved.
скачать бесплатно без регистрации порно красивый секс HD Sex Hindi sex

xxx gou

xxxx

bfxxx

xxxwww

Секса Видео

xxxx

Секса Видео

detube

geilexxx

C99 Shell

worms shell

blod xxx video
Ebony Coed Rihanna Rimes Takes A Dick In Her Young Twat priyaa indian fuck anal and pusssy hardcore indian women xxx desi hardcore fucking part 1 bengalixxxcouple